[Event "Mechanics' Summer TNM; 30/90, SD/30"]
[Site "San Francisco"]
[Date "2009.07.07"]
[Round "7.5"]
[White "Ramachandran, Jayakrishnan"]
[Black "Manvelyan, Hovik"]
[Result "1-0"]
[WhiteElo "1822"]
[BlackElo "1963"]
[PlyCount "65"]
[EventDate "2009.??.??"]

1. e4 c5 2. Nf3 Nf6 3. Nc3 Nc6 4. d4 cxd4 5. Nxd4 d6 6. Be2 g6 7. Be3 Bg7 8.
O-O O-O 9. h3 Bd7 10. Qd2 a6 11. a4 Rc8 12. Nb3 Ne5 13. a5 Nc4 14. Bxc4 Rxc4
15. Qd3 Qc8 16. Bd4 Nh5 17. Nd5 Rxd4 18. Nxd4 Qd8 19. Rfd1 e6 20. Nb6 Nf4 21.
Qf3 g5 22. Nxd7 Qxd7 23. c3 Kh8 24. Rd2 Rg8 25. Ne2 Be5 26. Nxf4 gxf4 27. Rad1
Qb5 28. b4 Rc8 29. Rd3 Qe8 30. Rc1 Rc4 31. Rcd1 Qc6 32. Qh5 Qd7 33. Qxe5+ 1-0

[Event "Mechanics' Fall TNM; 30/90, SD/30"]
[Site "San Francisco"]
[Date "2009.10.20"]
[Round "1.17"]
[White "Ramachandran, Jayakrishnan"]
[Black "Mar, Henry"]
[Result "1-0"]
[WhiteElo "1922"]
[BlackElo "1500"]
[PlyCount "69"]
[EventDate "2009.??.??"]

1. e4 c5 2. Nf3 d6 3. d4 cxd4 4. Nxd4 Nf6 5. Nc3 g6 6. g3 Bg7 7. Bg2 O-O 8. O-O
a6 9. h3 Nc6 10. Be3 Bd7 11. Kh2 Rc8 12. Nxc6 bxc6 13. Qd3 a5 14. Rab1 Rb8 15.
Rfd1 Qc7 16. a3 h5 17. Bg5 Rfe8 18. Qd2 Kh7 19. e5 Nd5 20. Nxd5 cxd5 21. Bxd5
e6 22. exd6 Qc8 23. Bb3 a4 24. Bxa4 f6 25. Bxd7 Qxd7 26. Be3 e5 27. b4 Re6 28.
c4 Bf8 29. c5 Ree8 30. Qd5 Rbc8 31. Qd3 Bh6 32. b5 Bxe3 33. c6 Qf5 34. Qxf5
gxf5 35. fxe3 1-0

[Event "Mechanics' Winter TNM; 30/90, SD/30"]
[Site "San Francisco"]
[Date "2009.02.03"]
[Round "5.16"]
[White "Ramachandran, Jayakrishnan"]
[Black "Mar, Henry"]
[Result "1-0"]
[WhiteElo "1811"]
[BlackElo "1500"]
[PlyCount "109"]
[EventDate "2009.??.??"]

1. e4 c5 2. Nf3 d6 3. d4 cxd4 4. Nxd4 Nf6 5. Nc3 g6 6. g3 Bg7 7. Bg2 Nc6 8.
Nxc6 bxc6 9. e5 Nd5 10. Nxd5 cxd5 11. Bxd5 Rb8 12. Bc6+ Bd7 13. Bxd7+ Qxd7 14.
exd6 exd6 15. O-O O-O 16. c3 Rfe8 17. Qc2 Rbc8 18. Be3 Re6 19. Rad1 h5 20. h4
Kh7 21. Rd5 Re5 22. Rfd1 Rc6 23. Bf4 Re6 24. Rxh5+ Kg8 25. Rhd5 Qe7 26. Kf1 Qd7
27. Qd3 Bf8 28. c4 Rf6 29. Kg2 Qg4 30. Rd4 Qd7 31. b4 Qb7 32. Qf3 Qc8 33. c5 a6
34. Qd3 Qb7 35. Kg1 Re6 36. Bxd6 Bg7 37. Rc4 Qb5 38. Bf4 Bf6 39. Bg5 Kg7 40.
Bxf6+ Rxf6 41. Qc3 Kh7 42. Rd8 Rce6 43. Rf4 Qc6 44. Rxf6 Rxf6 45. Qd4 Qf3 46.
g4 Qf4 47. g5 Qxd4 48. Rxd4 Re6 49. Rc4 Rc6 50. a4 Kg8 51. b5 axb5 52. axb5 Rc8
53. c6 Kf8 54. b6 Ke8 55. b7 1-0

[Event "Mechanics' Wilkerson Mem TNM; 30/90, SD"]
[Site "San Francisco"]
[Date "2009.08.11"]
[Round "2.4"]
[White "Ramachandran, Jayakrishnan"]
[Black "Margulis, Igor"]
[Result "0-1"]
[WhiteElo "1869"]
[BlackElo "2115"]
[PlyCount "111"]
[EventDate "2009.??.??"]

1. e4 g6 2. Nf3 d6 3. d4 a6 4. Be2 Bg7 5. O-O Nd7 6. Be3 c5 7. c3 Qc7 8. Nbd2
e6 9. Rc1 Ne7 10. Qc2 O-O 11. Rfd1 b5 12. b4 Bb7 13. Nb3 cxb4 14. cxb4 Qxc2 15.
Rxc2 Rac8 16. Rxc8 Rxc8 17. Bd3 Nb6 18. Na5 Ba8 19. Rc1 Rxc1+ 20. Bxc1 f6 21.
Bf4 Nec8 22. Be3 Na4 23. Bc2 Nc3 24. Nd2 d5 25. Bb3 Nd6 26. exd5 Nxd5 27. a3 f5
28. Nf3 Kf7 29. Ng5+ Ke7 30. Nxh7 f4 31. Bc1 f3 32. gxf3 Nf5 33. Bc2 Bxd4 34.
Nb3 Nc3 35. Bxf5 Ne2+ 36. Kf1 Nxc1 37. Nxd4 exf5 38. h4 Nd3 39. Ng5 Nf4 40. Nb3
Bd5 41. Nc5 Bc4+ 42. Kg1 Ne2+ 43. Kg2 Nd4 44. Nxa6 Nc2 45. Kg3 Nxa3 46. Kf4 Kf6
47. Nh7+ Kg7 48. Ng5 Kf6 49. Nh7+ Kg7 50. Ng5 Nc2 51. Ke5 Ne1 52. f4 Nd3+ 53.
Kd6 Nxf2 54. Ne6+ Kh6 55. Nd4 Nd3 56. Nc7 {remainder illegible} 0-1

[Event "Mechanics' Winter TNM; 30/90, SD/30"]
[Site "San Francisco"]
[Date "2009.02.10"]
[Round "6.8"]
[White "Ramachandran, Jayakrishnan"]
[Black "Shipman, Walter"]
[Result "1/2-1/2"]
[WhiteElo "1811"]
[BlackElo "2235"]
[PlyCount "56"]
[EventDate "2009.??.??"]

1. e4 e5 2. Nf3 Nc6 3. Bc4 Bc5 4. c3 Nf6 5. d4 exd4 6. cxd4 Bb4+ 7. Bd2 Bxd2+
8. Nbxd2 d5 9. exd5 Nxd5 10. Qb3 Nce7 11. O-O O-O 12. Rfe1 h6 13. Ne5 c6 14. a4
Qc7 15. Ne4 b6 16. Rac1 Qd8 17. Nxc6 Nxc6 18. Bxd5 Na5 19. Qg3 Bb7 20. Bxb7
Nxb7 21. Qc7 Na5 22. Red1 Nb3 23. Rc4 Qxc7 24. Rxc7 Rfe8 25. Ng3 Rad8 26. d5
Nc5 27. Rxa7 Ra8 28. Rxa8 Rxa8 1/2-1/2

[Event "Mechanics' Winter TNM; 30/90, SD/30"]
[Site "San Francisco"]
[Date "2009.01.13"]
[Round "2.4"]
[White "Ramachandran, Jayakrishnan"]
[Black "Snyder, Larry"]
[Result "0-1"]
[WhiteElo "1811"]
[BlackElo "2055"]
[PlyCount "116"]
[EventDate "2009.??.??"]

1. e4 d5 2. exd5 Qxd5 3. Nc3 Qa5 4. d4 Nf6 5. Bd2 Bg4 6. Be2 Bxe2 7. Qxe2 c6 8.
Nf3 Nbd7 9. O-O e6 10. Rfe1 Qb6 11. Na4 Qc7 12. c4 Bd6 13. g3 O-O 14. Nc3 Rfe8
15. Ne5 a6 16. Nxd7 Qxd7 17. Rad1 Rad8 18. Bg5 Be7 19. Qc2 h6 20. Bc1 Qc7 21.
Qb3 b5 22. c5 Nd5 23. Nxd5 Rxd5 24. Be3 Red8 25. Rc1 Qc8 26. Qc3 Bf6 27. Rc2
Bxd4 28. Bxd4 Rxd4 29. b3 Qc7 30. Qe3 a5 31. Ree2 Qd7 32. Qf3 Qd5 33. Re3 Qxf3
34. Rxf3 R8d5 35. Re3 e5 36. Kg2 f6 37. Kf3 Kf7 38. h3 f5 39. Ke2 g5 40. Kf3
Kf6 41. Ke2 h5 42. Kf3 e4+ 43. Kg2 f4 44. Re1 Ke5 45. Rec1 Rd2 46. a3 e3 47. a4
b4 48. h4 gxh4 49. gxf4+ Kxf4 50. Rc4+ Kg5 51. Re4 Rxf2+ 52. Kg1 Rff5 53. Rxe3
Rxc5 54. Rxc5 Rxc5 55. Re4 Rc3 56. Re6 c5 57. Ra6 Rxb3 58. Rxa5 Rc3 0-1

[Event "Mechanics' Summer TNM; 30/90, SD/30"]
[Site "San Francisco"]
[Date "2009.05.26"]
[Round "1.23"]
[White "Ramachandran, Jayakrishnan"]
[Black "Toolis, Patrick"]
[Result "1-0"]
[WhiteElo "1822"]
[BlackElo "1247"]
[PlyCount "77"]
[EventDate "2009.??.??"]

1. e4 e5 2. Nf3 d6 3. Bc4 h6 4. d4 exd4 5. Nxd4 Nf6 6. Nc3 Be7 7. O-O O-O 8. h3
a6 9. a4 c5 10. Nf3 Bd7 11. Re1 Nc6 12. Bf4 Na5 13. Bf1 Qb6 14. Qd2 Qxb2 15.
Reb1 Nb3 16. cxb3 Qxd2 17. Nxd2 Bc6 18. Re1 Nh5 19. Bh2 Rad8 20. Nc4 Nf6 21.
Rad1 Ne8 22. Nd5 Bxd5 23. exd5 Bf6 24. Bd3 b5 25. axb5 axb5 26. Na5 b4 27. Bb5
Nc7 28. Bc6 Be5 29. Nb7 Ra8 30. Nxd6 Bxh2+ 31. Kxh2 Ra3 32. Re7 Rxb3 33. Rxc7
Ra3 34. Nb5 Ra2 35. d6 c4 36. d7 c3 37. d8=Q Rxd8 38. Rxd8+ Kh7 39. Be4+ 1-0

[Event "Mechanics' Spring TNM; 30/90, SD/30"]
[Site "San Francisco"]
[Date "2009.03.24"]
[Round "2.5"]
[White "Ramachandran, Jayakrishnan"]
[Black "Traub, Igor"]
[Result "0-1"]
[WhiteElo "1829"]
[BlackElo "2039"]
[PlyCount "68"]
[EventDate "2009.??.??"]

1. e4 d5 2. exd5 Nf6 3. c4 c6 4. dxc6 Nxc6 5. Nf3 e5 6. d3 Bb4+ 7. Bd2 e4 8.
dxe4 Nxe4 9. Be2 Qb6 10. O-O Bc5 11. Be1 Qxb2 12. Bd3 Nxf2 13. Qe2+ Qxe2 14.
Bxe2 Ng4+ 15. Kh1 Ne3 16. Bf2 b6 17. Bxe3 Bxe3 18. Nbd2 Be6 19. Ne4 O-O 20.
Nfg5 Rfe8 21. Rad1 Ne5 22. Nxe6 Rxe6 23. Nc3 Rc8 24. Nd5 Bg5 25. Rd4 g6 26. h4
Nc6 27. hxg5 Nxd4 28. Bg4 Nf5 29. Bxf5 gxf5 30. Rf4 Kg7 31. Rxf5 Rxc4 32. Nf4
Ree4 33. g3 Rc2 34. Ng2 Ree2 0-1

[Event "Mechanics' Spring TNM; 30/90, SD/30"]
[Site "San Francisco"]
[Date "2009.04.28"]
[Round "7.4"]
[White "Ramachandran, Jayakrishnan"]
[Black "Wong, Russell"]
[Result "0-1"]
[WhiteElo "1829"]
[BlackElo "2200"]
[PlyCount "104"]
[EventDate "2009.??.??"]

1. e4 Nf6 2. Nc3 d5 3. e5 Nfd7 4. Nxd5 Nxe5 5. Ne3 c5 6. Nf3 Nec6 7. c3 e5 8.
d3 Be7 9. Be2 O-O 10. O-O Be6 11. b3 f5 12. Qc2 Nd7 13. Bb2 Rc8 14. Rfd1 Qe8
15. Nd2 Nf6 16. Bf3 Bd6 17. Nec4 Bb8 18. Re1 Bd5 19. Bxd5+ Nxd5 20. Nf3 b5 21.
Ne3 Nf4 22. Nf1 Qg6 23. Ng3 Qd6 24. Rad1 Rcd8 25. d4 e4 26. Nd2 Nd3 27. Rf1
cxd4 28. cxd4 Nxb2 29. Qxb2 Nxd4 30. Rfe1 Qb6 31. Ndf1 Be5 32. Qb1 Rc8 33. Rc1
Bf4 34. Rxc8 Rxc8 35. Rd1 g6 36. a4 Nc2 37. Ne2 Bg5 38. g3 Nb4 39. axb5 Nd3 40.
Rxd3 exd3 41. Qxd3 Rc5 42. h4 Bf6 43. Ne3 Qxb5 44. Nc4 Rd5 45. Qe3 Rd1+ 46. Kh2
Qd5 47. Ng1 Qd7 48. Qe2 f4 49. h5 fxg3+ 50. fxg3 gxh5 51. Qxh5 Qd4 52. Qe2
Qxg1+ 0-1

[Event "Mechanics' Summer TNM; 30/90, SD/30"]
[Site "San Francisco"]
[Date "2009.07.14"]
[Round "8.32"]
[White "Ravdin, Bill"]
[Black "Frank, Robert"]
[Result "0-1"]
[WhiteElo "1280"]
[BlackElo "1297"]
[PlyCount "90"]
[EventDate "2009.??.??"]

1. d4 Nf6 2. c4 e6 3. Nc3 c5 4. e3 Be7 5. Nf3 O-O 6. Bd3 cxd4 7. exd4 d5 8. O-O
Nc6 9. c5 b6 10. cxb6 Qxb6 11. Be2 a5 12. a3 Ba6 13. h3 Bxe2 14. Nxe2 Ne4 15.
Nc3 f5 16. Rb1 h6 17. Bf4 Bf6 18. Be5 Nxe5 19. Nxe5 Bxe5 20. dxe5 Qc7 21. Qd4
Nxc3 22. Qxc3 Qxc3 23. bxc3 Rab8 24. f4 h5 25. a4 h4 26. Rb5 Rxb5 27. axb5 Rb8
28. Rb1 Kf8 29. Kf2 Ke8 30. Ke3 Kd7 31. Kd4 Kc7 32. c4 dxc4 33. Kxc4 Kb6 34.
Rd1 Rc8+ 35. Kb3 Kxb5 36. Rd6 a4+ 37. Ka3 Rc3+ 38. Kb2 Rc6 39. Ka3 Rxd6 40.
exd6 Kc6 41. d7 Kxd7 42. Kxa4 Kd6 43. Kb4 Kd5 44. Kc3 Ke4 45. Kd2 Kxf4 0-1

[Event "Mechanics' Summer TNM; 30/90, SD/30"]
[Site "San Francisco"]
[Date "2009.05.26"]
[Round "1.22"]
[White "Ravdin, Bill"]
[Black "Gurtovoy, Jason"]
[Result "0-1"]
[WhiteElo "1280"]
[BlackElo "1845"]
[PlyCount "44"]
[EventDate "2009.??.??"]

1. d4 Nf6 2. c4 e6 3. Nc3 d5 4. Nf3 c6 5. e3 Nbd7 6. Bd3 Bd6 7. O-O O-O 8. Rb1
Re8 9. cxd5 exd5 10. Qc2 Nf8 11. h3 Qe7 12. Re1 Ne4 13. Nd2 f5 14. f4 Qh4 15.
Nf3 Qg3 16. Re2 Re6 17. Bxe4 fxe4 18. Ne5 Rh6 19. Kh1 Bxe5 20. fxe5 Bxh3 21.
gxh3 Rxh3+ 22. Rh2 Qe1+ 0-1

[Event "Mechanics' Summer TNM; 30/90, SD/30"]
[Site "San Francisco"]
[Date "2009.06.25"]
[Round "5.31"]
[White "Ravdin, Bill"]
[Black "Mar, Henry"]
[Result "1-0"]
[WhiteElo "1280"]
[BlackElo "1500"]
[PlyCount "79"]
[EventDate "2009.??.??"]

1. d4 Nf6 2. c4 e6 3. Nc3 d5 4. Nf3 g6 5. Bg5 Nbd7 6. cxd5 exd5 7. Nxd5 Bg7 8.
Nxf6+ Bxf6 9. Bxf6 Qxf6 10. e3 O-O 11. Be2 b6 12. Qc2 c6 13. O-O Bb7 14. b4 a6
15. Nd2 Qe7 16. a3 Nf6 17. Bf3 Rac8 18. Rfc1 h5 19. Qa4 b5 20. Qc2 Rfd8 21. Nb3
Nd7 22. Nc5 Nxc5 23. Qxc5 Qd7 24. Qg5 Kh7 25. Rc5 Rc7 26. Qf6 Qd6 27. Qxd6 Rxd6
28. Rac1 Re7 29. Bxc6 Bxc6 30. Rxc6 Rxc6 31. Rxc6 Re6 32. Rxe6 fxe6 33. Kf1 Kg7
34. Ke2 Kf7 35. Kf3 Kf6 36. Kf4 g5+ 37. Ke4 h4 38. h3 Kg6 39. f4 gxf4 40. Kxf4
1-0

[Event "Mechanics' Spring TNM; 30/90, SD/30"]
[Site "San Francisco"]
[Date "2009.04.07"]
[Round "4.18"]
[White "Rettenmaier, Robert"]
[Black "Dembling, Arthur"]
[Result "0-1"]
[WhiteElo "1462"]
[BlackElo "1714"]
[PlyCount "50"]
[EventDate "2009.??.??"]

1. e4 e6 2. Nf3 d5 3. Nc3 Nf6 4. e5 Nfd7 5. d4 Be7 6. Bf4 c5 7. dxc5 Nc6 8. a3
Nxc5 9. Be2 O-O 10. b4 Nd7 11. Bd3 Qc7 12. Nb5 Qd8 13. Nd6 f6 14. h4 Ndxe5 15.
Nxc8 Nxd3+ 16. Qxd3 Rxc8 17. Rd1 e5 18. Bc1 e4 19. Qb3 exf3 20. Rxd5 Qe8 21.
Rd8+ Qf7 22. Rxc8 Rxc8 23. Qxf3 Qc4 24. Qf5 Rd8 25. Be3 Nxb4 0-1

[Event "Mechanics' Winter TNM; 30/90, SD/30"]
[Site "San Francisco"]
[Date "2009.02.03"]
[Round "5.22"]
[White "Rettenmaier, Robert"]
[Black "Dembling, Arthur"]
[Result "1/2-1/2"]
[WhiteElo "1365"]
[BlackElo "1714"]
[PlyCount "89"]
[EventDate "2009.??.??"]

1. e4 e6 2. f4 d5 3. e5 c5 4. Nf3 Nc6 5. c3 Bd7 6. Bd3 Qb6 7. Bc2 Be7 8. O-O
Nh6 9. d3 Nf5 10. b3 O-O 11. Kh1 Rac8 12. d4 cxd4 13. Bxf5 exf5 14. cxd4 Nb4
15. Ba3 Bb5 16. Rg1 Nd3 17. Qd2 Rfe8 18. h3 Rc6 19. Bxe7 Rxe7 20. Nc3 Rd7 21.
Nxb5 Qxb5 22. Rgd1 Nb4 23. Rac1 Rdc7 24. Rxc6 Rxc6 25. Rc1 h6 26. a3 Rxc1+ 27.
Qxc1 Nc6 28. b4 Qd3 29. Kh2 Kh7 30. Qc5 Qe4 31. Kg3 Nd8 32. Qe7 Ne6 33. Qxf7
Qxf4+ 34. Kf2 Ng5 35. Qxd5 Ne4+ 36. Kg1 Qe3+ 37. Kh1 Ng3+ 38. Kh2 Nf1+ 39. Kh1
Ng3+ 40. Kh2 f4 41. Qc4 Qf2 42. Qd3+ Kh8 43. d5 Nf1+ 44. Kh1 Ng3+ 45. Kh2
1/2-1/2

[Event "Mechanics' Summer TNM; 30/90, SD/30"]
[Site "San Francisco"]
[Date "2009.06.09"]
[Round "3.19"]
[White "Rettenmaier, Robert"]
[Black "Gurtovoy, Jason"]
[Result "0-1"]
[WhiteElo "1596"]
[BlackElo "1845"]
[PlyCount "52"]
[EventDate "2009.??.??"]

1. e4 e6 2. Nf3 d5 3. Nc3 Nf6 4. e5 Nfd7 5. d4 c5 6. dxc5 Nc6 7. Bf4 Nxc5 8.
Bd3 a6 9. O-O Be7 10. Re1 b5 11. a3 Bb7 12. Rc1 b4 13. axb4 Nxb4 14. Bf1 O-O
15. Ne2 Ne4 16. Ned4 Qb6 17. c3 Nc6 18. Rc2 Rab8 19. Bd3 Bc5 20. Bxe4 dxe4 21.
Nxc6 Bxc6 22. Ng5 Ba4 23. b4 Bxf2+ 24. Kf1 Bxe1 25. Kxe1 Qg1+ 26. Kd2 Rfd8+ 0-1

[Event "Mechanics' Summer TNM; 30/90, SD/30"]
[Site "San Francisco"]
[Date "2009.06.25"]
[Round "5.18"]
[White "Rettenmaier, Robert"]
[Black "Leavens, Weston"]
[Result "1-0"]
[WhiteElo "1596"]
[BlackElo "1782"]
[PlyCount "97"]
[EventDate "2009.??.??"]

1. e4 e6 2. Nf3 d5 3. Nc3 c5 4. exd5 exd5 5. Bb5+ Bd7 6. Qe2+ Be7 7. Nxd5 a6 8.
Bxd7+ Nxd7 9. Ne5 Ngf6 10. Nxf6+ Nxf6 11. O-O O-O 12. Re1 Bd6 13. Ng4 Nxg4 14.
Qxg4 Qc7 15. h3 Rae8 16. Rf1 Re6 17. d3 Rfe8 18. Be3 Qc6 19. Qf3 Qc7 20. Rfe1
Rf6 21. Qd1 Qc6 22. Bd2 Rg6 23. Bc3 Rxe1+ 24. Bxe1 Re6 25. Qg4 Rg6 26. Qe4 Qd7
27. Kf1 Re6 28. Qg4 Qe8 29. Bc3 Be5 30. Re1 Bxc3 31. Rxe6 fxe6 32. bxc3 Qc6 33.
Qe4 Qb6 34. Qa4 Kf7 35. Qf4+ Ke8 36. Ke2 Qc6 37. Qe4 Qxe4+ 38. dxe4 c4 39. a4
Ke7 40. e5 Kd7 41. Ke3 Kc6 42. Kd4 b5 43. a5 Kc7 44. Kc5 g5 45. g3 h6 46. f3 h5
47. h4 gxh4 48. gxh4 Kc8 49. Kd6 1-0

[Event "Mechanics' Spring TNM; 30/90, SD/30"]
[Site "San Francisco"]
[Date "2009.03.24"]
[Round "2.15"]
[White "Rettenmaier, Robert"]
[Black "Ochoa, Jason"]
[Result "1-0"]
[WhiteElo "1462"]
[BlackElo "1905"]
[PlyCount "61"]
[EventDate "2009.??.??"]

1. e4 c5 2. Nf3 d6 3. d4 cxd4 4. Nxd4 Nf6 5. Nc3 g6 6. Bc4 Bg7 7. f3 O-O 8. Bb3
Nc6 9. Be3 Bd7 10. Qd2 a5 11. O-O-O a4 12. Bxa4 Rxa4 13. Nxa4 Nxd4 14. Bxd4
Bxa4 15. h4 Qc7 16. g4 Rc8 17. Qc3 Qxc3 18. Bxc3 Bb5 19. Rh2 Nd7 20. Bxg7 Kxg7
21. h5 h6 22. hxg6 fxg6 23. Rdh1 Rh8 24. Kd2 Ne5 25. Ke3 Nc4+ 26. Kd4 e6 27. b4
Ne5 28. Ke3 Nf7 29. Rc1 Bc4 30. Ra1 Ne5 31. a4 {remainder illegible} 1-0

[Event "Mechanics' Summer TNM; 30/90, SD/30"]
[Site "San Francisco"]
[Date "2009.06.30"]
[Round "6.13"]
[White "Rettenmaier, Robert"]
[Black "Salvo, Tab"]
[Result "0-1"]
[WhiteElo "1596"]
[BlackElo "1723"]
[PlyCount "63"]
[EventDate "2009.??.??"]

1. e4 c5 2. Nf3 d6 3. d4 cxd4 4. Nxd4 a6 5. Nc3 Nf6 6. Bg5 e6 7. f4 Be7 8. Qd2
O-O 9. O-O-O Qc7 10. f5 b5 11. fxe6 fxe6 12. a3 Nc6 13. Nxc6 Qxc6 14. Bxf6 Rxf6
15. g3 Qc5 16. Qd4 Qxd4 17. Rxd4 Bb7 18. Rg1 Rf2 19. h4 Raf8 20. Bg2 R2f7 21.
a4 d5 22. Rdd1 b4 23. Ne2 Rf2 24. Nf4 Rc8 25. Rd2 Rxd2 26. Kxd2 dxe4 27. Nxe6
Bf6 28. b3 Rc6 29. Nf4 Rd6+ 30. Kc1 Bd4 31. Rf1 a5 32. Kb1 {both scoresheets
stop here. Black is significantly better but not winning at this point.} 0-1

[Event "Mechanics' Winter TNM; 30/90, SD/30"]
[Site "San Francisco"]
[Date "2009.02.17"]
[Round "7.20"]
[White "Rettenmaier, Robert"]
[Black "Standen, Julian"]
[Result "0-1"]
[WhiteElo "1365"]
[BlackElo "1806"]
[PlyCount "56"]
[EventDate "2009.??.??"]

1. e4 c6 2. d4 d5 3. e5 Bf5 4. Nf3 e6 5. c4 Nd7 6. Be2 dxc4 7. Bxc4 Nb6 8. Be2
Ne7 9. Nc3 Ned5 10. Nxd5 Nxd5 11. O-O Be7 12. Nd2 O-O 13. Nc4 Rc8 14. Bd3 Bxd3
15. Qxd3 c5 16. Re1 cxd4 17. Qxd4 b5 18. Nd6 Bxd6 19. exd6 Qxd6 20. Qxa7 Rc2
21. Qd4 Rfc8 22. b3 Qc6 23. Bb2 f6 24. Rab1 e5 25. Qe4 Qc5 26. Qf3 Nf4 27. Qe3
Qxe3 28. fxe3 Nd3 0-1

[Event "Mechanics' Winter TNM; 30/90, SD/30"]
[Site "San Francisco"]
[Date "2009.01.06"]
[Round "1.14"]
[White "Reyes, Edsel Delos"]
[Black "Farzaneh-Far, Ramin"]
[Result "0-1"]
[WhiteElo "1487"]
[BlackElo "1856"]
[PlyCount "64"]
[EventDate "2009.??.??"]

1. e4 d5 2. exd5 Qxd5 3. Nc3 Qa5 4. Nf3 Nf6 5. Be2 c6 6. O-O Bf5 7. d3 e6 8.
Bd2 Qc7 9. Nh4 Bg6 10. Nxg6 hxg6 11. g3 Bd6 12. Ne4 Nxe4 13. dxe4 Nd7 14. Qe1
O-O-O 15. Be3 Nf6 16. f3 Rh3 17. Kg2 Rdh8 18. Rh1 Bxg3 19. hxg3 Rxh1 20. Bg1
R8h3 21. Qf2 b6 22. Ba6+ Kb8 23. Re1 Nh5 24. f4 Nxg3 25. Re3 Qd8 26. Rxg3 Qh4
27. Rd3 R1h2+ 28. Kf1 Rxf2+ 29. Bxf2 Rh1+ 30. Ke2 Qg4+ 31. Kd2 Rd1+ 32. Ke3
Rxd3+ 0-1

[Event "Mechanics' Winter TNM; 30/90, SD/30"]
[Site "San Francisco"]
[Date "2009.01.20"]
[Round "3.24"]
[White "Reyes, Edsel Delos"]
[Black "Litowsky, Daniel"]
[Result "1-0"]
[WhiteElo "1487"]
[BlackElo "1700"]
[PlyCount "85"]
[EventDate "2009.??.??"]

1. e4 e5 2. Nf3 Nc6 3. Bb5 d6 4. d4 exd4 5. Bxc6+ bxc6 6. Nxd4 Bb7 7. Nc3 Be7
8. O-O Nf6 9. Nf5 O-O 10. Nxe7+ Qxe7 11. Re1 Rae8 12. f3 Nd7 13. Ne2 Qf6 14.
Qd4 c5 15. Qxf6 Nxf6 16. c4 h6 17. b3 Nd7 18. Bb2 Ne5 19. Rad1 f5 20. exf5 Rxf5
21. Ng3 Rf7 22. Bxe5 dxe5 23. Ne4 Bxe4 24. Rxe4 c6 25. Rde1 Rd7 26. R1e2 Kf7
27. Rxe5 Rxe5 28. Rxe5 Rd2 29. Rxc5 Rxa2 30. Rxc6 Rb2 31. Rc7+ Kf6 32. Rxa7
Rxb3 33. Kf2 Rc3 34. Rc7 g5 35. Rc6+ Kg7 36. g4 Kh7 37. c5 Kg7 38. Rc7+ Kg6 39.
c6 Kf6 40. Rc8 Kg7 41. h3 Kh7 42. c7 Kg7 43. Ke2 1-0

[Event "Mechanics' Winter TNM; 30/90, SD/30"]
[Site "San Francisco"]
[Date "2009.02.03"]
[Round "5.26"]
[White "Reyes, Edsel Delos"]
[Black "Piccinini, Guido"]
[Result "1-0"]
[WhiteElo "1487"]
[BlackElo "1349"]
[PlyCount "37"]
[EventDate "2009.??.??"]

1. e4 e5 2. Nf3 d6 3. d4 exd4 4. Nxd4 Nf6 5. Nc3 Nbd7 6. Bc4 Be7 7. O-O O-O 8.
Nf5 Ne5 9. Nxe7+ Qxe7 10. Bb3 h6 11. f4 Ng6 12. f5 Ne5 13. Nd5 Nxd5 14. Bxd5
Rb8 15. Qe1 Bd7 16. Qg3 Kh7 17. Bxh6 gxh6 18. f6 Qe8 19. Qg7# 1-0

[Event "?"]
[Site "?"]
[Date "2009.08.04"]
[Round "?"]
[White "Riese, Kaven"]
[Black "Freihofner, Phil"]
[Result "1/2-1/2"]
[WhiteElo "1843"]
[BlackElo "1802"]
[PlyCount "104"]
[EventDate "2009.08.06"]

1. e4 e5 2. Nf3 Nc6 3. Bb5 a6 4. Ba4 Bc5 5. O-O Qf6 6. c3 Nge7 7. Nxe5 Qxe5 8.
d4 Nxd4 9. cxd4 Bxd4 10. Nc3 O-O 11. Qd3 d6 12. Kh1 Bxc3 13. bxc3 b5 14. Bc2 d5
15. Re1 Bb7 16. Ba3 dxe4 17. Qh3 c5 18. f4 Qc7 19. f5 f6 20. Bxe4 Rac8 21. Bc2
Nd5 22. Bb3 Rfd8 23. Bc1 c4 24. Bd1 Nf4 25. Bxf4 Qxf4 26. Qh5 Bc6 27. Bf3 Bxf3
28. gxf3 Kf8 29. Re4 Qc7 30. Qxh7 Qf7 31. Rae1 Ra8 32. Re7 Qg8 33. Qh3 a5 34.
Qg4 b4 35. R7e6 Rac8 36. Ra6 Qd5 37. Ra7 Rd7 38. Rxd7 Qxd7 39. cxb4 c3 40. bxa5
c2 41. Qb4+ Kg8 42. Qb3+ Kh7 43. Rc1 Qxf5 44. a6 Qd7 45. a7 Qd2 46. Qb2 Qf2 47.
Qb7 Rd8 48. Qe4+ Kh6 49. Qxc2 Rd2 50. Qxd2+ Qxd2 51. a8=Q Qxc1+ 52. Kg2 Qd2+
1/2-1/2

[Event "Mechanics' Wilkerson Mem TNM; 30/90, SD"]
[Site "San Francisco"]
[Date "2009.08.18"]
[Round "3.14"]
[White "Riese, Kavyen"]
[Black "Allen, Tom"]
[Result "1-0"]
[WhiteElo "1843"]
[BlackElo "1526"]
[PlyCount "79"]
[EventDate "2009.??.??"]

1. e4 e5 2. Nf3 Nc6 3. Bb5 f5 4. Nc3 fxe4 5. Nxe4 Nf6 6. Nxf6+ Qxf6 7. Qe2 Bd6
8. d4 O-O 9. Bxc6 bxc6 10. dxe5 Bxe5 11. Qxe5 Qxe5+ 12. Nxe5 Re8 13. f4 d6 14.
O-O dxe5 15. Re1 Bf5 16. fxe5 Bxc2 17. b3 Bf5 18. Bg5 Be6 19. Rac1 Bd5 20. Rc3
Kf7 21. a3 Ke6 22. Bh4 Rf8 23. Rg3 Rf7 24. b4 Raf8 25. Rc3 g5 26. Bxg5 Rf2 27.
Rg3 Ra2 28. Bf6 Rxf6 29. exf6+ Kxf6 30. h4 a6 31. Re8 Kf5 32. Re7 Kf4 33. Kh2
Be4 34. Rf7+ Ke5 35. Rxc7 Rd2 36. Ra7 Bd3 37. Rd7 Ke4 38. Rxh7 Kd4 39. Rd7+ Kc4
40. Rdxd3 1-0

[Event "Mechanics' Wilkerson Mem TNM; 30/90, SD"]
[Site "San Francisco"]
[Date "2009.08.25"]
[Round "4.6"]
[White "Riese, Kavyen"]
[Black "Gaffagan, Steven"]
[Result "0-1"]
[WhiteElo "1843"]
[BlackElo "2026"]
[PlyCount "70"]
[EventDate "2009.??.??"]

1. e4 e5 2. Nf3 Nc6 3. Bb5 a6 4. Ba4 Nf6 5. O-O Be7 6. Re1 b5 7. Bb3 d6 8. c3
O-O 9. h3 Bb7 10. d4 Na5 11. Bc2 Nc4 12. b3 Nb6 13. Nbd2 Nfd7 14. Nf1 c5 15. d5
f5 16. Ne3 f4 17. Ng4 Rf7 18. Kh1 h5 19. Ngh2 Nf8 20. Ng1 g6 21. g4 hxg4 22.
Nxg4 Rh7 23. f3 Bh4 24. Rf1 Qe7 25. Bb2 Rh5 26. Kg2 Nh7 27. Qe2 Bg3 28. c4 bxc4
29. bxc4 Rf8 30. Bc3 Bc8 31. Rab1 Nd7 32. Qd3 Qh4 33. Be1 Ng5 34. Nf2 Nf6 35.
Rb8 Bxh3+ 0-1

[Event "Mechanics' Wilkerson Mem TNM; 30/90, SD"]
[Site "San Francisco"]
[Date "2009.09.15"]
[Round "7.6"]
[White "Riese, Kavyen"]
[Black "Grey, Peter"]
[Result "0-1"]
[WhiteElo "1843"]
[BlackElo "2012"]
[PlyCount "62"]
[EventDate "2009.??.??"]

1. e4 c5 2. Nf3 e6 3. d4 cxd4 4. Nxd4 Nf6 5. Nc3 Nc6 6. Ndb5 d6 7. Bf4 e5 8.
Bg5 a6 9. Bxf6 gxf6 10. Na3 f5 11. Nd5 b5 12. Bxb5 axb5 13. Nxb5 Ra4 14. Nbc7+
Kd7 15. O-O Rxe4 16. Qh5 Ne7 17. Qxf7 Kc6 18. b4 Nxd5 19. b5+ Kb7 20. Nxd5+ Qd7
21. Qxd7+ Bxd7 22. Nf6 Rc4 23. Nxd7 Be7 24. a4 Rd8 25. Nxe5 dxe5 26. Ra2 Rd2
27. Rc1 Bc5 28. h3 Rxf2 29. Kh1 e4 30. Rd1 Kb6 31. Rb1 Ka5 0-1

[Event "Mechanics' Fall TNM; 30/90, SD/30"]
[Site "San Francisco"]
[Date "2009.11.10"]
[Round "4.19"]
[White "Riese, Kayven"]
[Black "Allen, Tom"]
[Result "1-0"]
[WhiteElo "1863"]
[BlackElo "1550"]
[PlyCount "63"]
[EventDate "2009.??.??"]

1. e4 e5 2. Nf3 Nc6 3. Bb5 f5 4. Nc3 Bb4 5. exf5 Nge7 6. Nh4 O-O 7. Qh5 Bxc3 8.
dxc3 d5 9. g4 Qe8 10. Qxe8 Rxe8 11. Bg5 a6 12. Bxe7 Rxe7 13. Be2 e4 14. O-O-O
Rd7 15. Rd2 Ne5 16. Rhd1 c6 17. h3 b5 18. f4 exf3 19. Nxf3 Re7 20. b3 Bb7 21.
Nd4 Rae8 22. Rg1 c5 23. Ne6 Rxe6 24. fxe6 Rxe6 25. Rf1 Rh6 26. Rf5 Nf7 27. Bf1
Nd6 28. Re5 Ne4 29. Rd3 Rf6 30. Bg2 h6 31. c4 Nf2 32. Bxd5+ 1-0